|
|
|
|
| LEADER |
00000nam a22000007a 4500 |
| 005 |
20160524113358.0 |
| 007 |
cr|||| ||u| |
| 008 |
160524s2016 mx ||||| |||| 00||0 spa d |
| 020 |
|
|
|a 978-607-406-794-1
|
| 035 |
|
|
|a 14249
|
| 040 |
|
|
|a vLex
|
| 090 |
|
|
|c 6137
|d 6137
|
| 100 |
1 |
|
|a Domn̕guez Orozco, Jaime
|
| 245 |
1 |
0 |
|a Sociedades y Asociaciones Civiles 2016
|h [Recurso electrn̤ico] /
|c Jaime Domn̕guez Orozco
|
| 256 |
|
|
|a Servicio en ln̕ea
|
| 260 |
|
|
|a Mx̌ico
|b Ediciones Fiscales ISEF
|c 2016
|
| 300 |
|
|
|a 1 recurso electrn̤ico
|
| 500 |
|
|
|a Esta obra presenta un anl̀isis de las obligaciones fiscales de las sociedades y asociaciones civiles, las reglas que determinan su constitucin̤ y operacin̤. A travš de sus casos prc̀ticos encontrar ̀la solucin̤ jurd̕ico-fiscal adecuada y la respuesta a las interrogantes que se le pudieran presentar sobre este tema.
|
| 506 |
1 |
|
|a Contenido solo disponible en los productos indicados
|d vLex Global
|d vLex Global (Academic Edition, excluding Law Schools)
|d vLex Global (U.S. Academic Edition, Law Schools)
|d vLex Global (U.S. Academic Edition, excluding Law Schools)
|d vLex Global (Academic Edition, Law Schools)
|
| 650 |
0 |
4 |
|a Derecho civil
|z Mx̌ico
|
| 700 |
0 |
|
|a Resňdiz Nn︢ez, Cuauhtm̌oc
|
| 740 |
0 |
|
|a vLex libros (servicio en ln̕ea)
|
| 856 |
4 |
0 |
|u http://vlex.com/source/sociedades-y-asociaciones-civiles-2016-14249
|z Acceso restringido
|
| 942 |
|
|
|c BOOK
|
| 999 |
0 |
|
|a Civil Law
|b Mexic
|